[Event "Roncana op-C 10th"]
[Site "Santa Eulalia de Roncana"]
[Date "2016.11.05"]
[Round "6"]
[White "Cabrera Gallego, Alejandro Nicolas"]
[Black "Filipenko, Yan"]
[Result "0-1"]
[WhiteElo "1699"]
[BlackElo "1121"]
[PlyCount "90"]
[EventDate "2016.09.24"]
[EventType "swiss"]
[EventRounds "8"]
[EventCountry "ESP"]
[SourceTitle "EXT 2022"]
[Source "ChessBase"]
[SourceDate "2021.10.06"]
[SourceVersion "1"]
[SourceVersionDate "2021.10.06"]
[SourceQuality "1"]

1. e4 e5 2. Nf3 d6 3. Nc3 Bg4 4. h3 Bxf3 5. Qxf3 Nf6 6. Bc4 c6 7. d3 Nbd7 8. 0-0 a5 9. a3 Be7 10. Bg5 h6 11. Bxf6 Bxf6 12. a4 0-0 13. b3 Nb6 14. Ne2 d5 15. exd5 cxd5 16. Bb5 e4 17. dxe4 Bxa1 18. Rxa1 dxe4 19. Qxe4 Qf6 20. Bd3 Qxa1+ 21. Kh2 g6 22. Nf4 Qf6 23. g3 Qc6 24. Qe2 Rad8 25. Bb5 Qd6 26. Nd3 Nd5 27. Qf3 b6 28. Qg2 Nc7 29. Bc4 Qf6 30. Nf4 g5 31. Ne2 Rfe8 32. c3 Ne6 33. Bb5 Re7 34. Bc4 Rc7 35. Qe4 Qxf2+ 36. Qg2 Qxg2+ 37. Kxg2 Rd2 38. Kf2 Nc5 39. b4 axb4 40. cxb4 Nxa4 41. Bb3 Nc3 42. Ke1 Rxe2+ 43. Kf1 Rb2 44. Bxf7+ Rxf7+ 45. Kg1 Ne2+ 0-1

[Event "Roncana op-C 10th"]
[Site "Santa Eulalia de Roncana"]
[Date "2016.10.08"]
[Round "3"]
[White "Fernandez Raya, Santi"]
[Black "Filipenko, Yan"]
[Result "0-1"]
[WhiteElo "1564"]
[BlackElo "1121"]
[PlyCount "108"]
[EventDate "2016.09.24"]
[EventType "swiss"]
[EventRounds "8"]
[EventCountry "ESP"]
[SourceTitle "EXT 2018"]
[Source "ChessBase"]
[SourceDate "2017.10.13"]
[SourceVersion "1"]
[SourceVersionDate "2017.10.13"]
[SourceQuality "1"]

1. e4 e5 2. Nf3 d6 3. Bc4 Bg4 4. h3 Bxf3 5. Qxf3 Nf6 6. d3 h6 7. Nc3 c6 8. Be3 Be7 9. Qe2 d5 10. Bb3 d4 11. Bd2 dxc3 12. Bxc3 Nbd7 13. 0-0 0-0 14. Rad1 c5 15. Rfe1 Qc7 16. a3 b5 17. a4 a6 18. Bd2 Rab8 19. c3 bxa4 20. Bxa4 Rxb2 21. Qe3 Rfb8 22. Bc1 Ra2 23. Qg3 Rxa4 24. Bxh6 g6 25. Bg5 Kg7 26. Qh4 Rh8 27. Qg3 Nh5 28. Qg4 Bxg5 29. Qxg5 f6 30. Qe3 Nf4 31. Kh2 a5 32. d4 cxd4 33. cxd4 Rxd4 34. Rc1 Qd6 35. Ra1 a4 36. Rh1 Rb8 37. g3 Rb3 38. Qc1 Nd3 39. Qc2 Rb2 40. Qc3 Qc5 41. Qxc5 N7xc5 42. Kg1 Nxf2 43. Rh2 Rd1+ 44. Rxd1 Nxd1 45. Rxb2 Nxb2 46. Kf2 Nxe4+ 47. Ke3 Nxg3 48. Kd2 e4 49. Kc2 e3 50. Kxb2 e2 51. Kc2 e1Q 52. Kb2 Qb4+ 53. Ka2 a3 54. Ka1 Qb2# 0-1